Principles of molecular photochemistry:an introduction (Record no. 1212945)

MARC details
000 -LEADER
fixed length control field 00970nam a2200301Ia 4500
003 - CONTROL NUMBER IDENTIFIER
control field OSt
005 - DATE AND TIME OF LATEST TRANSACTION
control field 20221007124101.0
008 - FIXED-LENGTH DATA ELEMENTS--GENERAL INFORMATION
fixed length control field 221006b |||||||| |||| 00| 0 eng d
020 ## - INTERNATIONAL STANDARD BOOK NUMBER
International Standard Book Number 9781891389573 (pbk)
037 ## - SOURCE OF ACQUISITION
Terms of availability Textbook
040 ## - CATALOGING SOURCE
Original cataloging agency CDL
Transcribing agency CDL
Language of cataloging eng
041 ## - LANGUAGE CODE
Source of code eng
Language code of text/sound track or separate title eng
100 ## - MAIN ENTRY--PERSONAL NAME
Personal name Turro Nicholas J
9 (RLIN) 718229
245 #0 - TITLE STATEMENT
Title Principles of molecular photochemistry:an introduction
Remainder of title Ramamurthy V Scaiano J C
260 ## - PUBLICATION, DISTRIBUTION, ETC.
Place of publication, distribution, etc. Sausalito
Name of publisher, distributor, etc. University Science Books
Date of publication, distribution, etc. 1938
300 ## - PHYSICAL DESCRIPTION
Extent xxi, 495p.
Dimensions cm.
500 ## - GENERAL NOTE
General note Includes bibliographical references.; Index 483-495p.
650 ## - SUBJECT ADDED ENTRY--TOPICAL TERM
Topical term or geographic name entry element Photochemistry
9 (RLIN) 718406
650 ## - SUBJECT ADDED ENTRY--TOPICAL TERM
Topical term or geographic name entry element Chemistry
700 ## - ADDED ENTRY--PERSONAL NAME
Personal name Ramamurthy V
9 (RLIN) 103493
700 ## - ADDED ENTRY--PERSONAL NAME
Personal name Scaiano J C
9 (RLIN) 718231
942 ## - ADDED ENTRY ELEMENTS (KOHA)
Classification part E5:25, L8;10 Carc
Koha item type Textbook
Source of classification or shelving scheme Colon Classification (CC)
Holdings
Withdrawn status Lost status Source of classification or shelving scheme Damaged status Not for loan Home library Current library Date acquired Total Checkouts Full call number Barcode Date last seen Price effective from Koha item type
    Colon Classification (CC)     Department of Chemistry Library Department of Chemistry Library 2022-10-07   E5:25 L8;10 Carc CD0007902 2022-10-07 2022-10-07 Textbook
Copyright @ Delhi University Library System